| 000 | 00665nam a22001934a 4500 | ||
|---|---|---|---|
| 005 | 20100913114832.0 | ||
| 020 |
_a9781847730053 _c795.00 |
||
| 037 | _bPansy Books | ||
| 082 | 0 | 0 | _a796.8153 |
| 100 |
_aThompson, Chris _919673 |
||
| 245 | 1 | 0 |
_aBlack belt karate / _cby Chris Thompson |
| 260 |
_bNew Holland Publishers _c2008 _aLondon |
||
| 270 |
_a86 Edgware Road, _bLondon |
||
| 300 |
_a160p. _bphotos _c27cm(Hb) |
||
| 504 | _aIncludes index | ||
| 942 |
_2ddc _cEN _h796.8153 _mTHO |
||
| 999 |
_c45320 _d45320 |
||